000
00327nam a22001337a 4500
020
_a
9788170999478
041
_a
ENG
100
_a
Thokal.R.T
245
_a
Glossary Irrigation Drainage,Hydrology And Watershed Management
260
_a
New Delhi
_b
Mittal Pub
_c
2004
300
_a
299
650
_a
IDE
856
_u
IDE ( 18 )
999
_c
1489
_d
1489